Responses for show #3145 - Friday, April 10, 1998

Contestants

[<< previous game]

Michael Tow, a lawyer from Columbia, Maryland

Elisa Phelps, a curator of anthropology from Houston, Texas

Marsha Allen, an astronomer originally from St. Louis, Missouri (whose 2-day cash winnings total $20,901)

[next game >>]

Jeopardy! Round responses

EASTER
DRESS UP
TEMPTATIONS
SUPREMES
(Alex: An all-audio category called...)
ROCK BANDS
INDIANAGRAMS
(Alex: Things about Indiana, but they're all anagrams.)
    $100 11
Passover

Michael
    $100 6
Hush Puppies

Marsha
    $100 1
Lay's

Marsha
    $100 17
Sacrifice

Elisa
    $100 16
Bill Haley and The Comets

Marsha
    $100 26
(less than a minute to go...)

Gary

Triple Stumper
    $200 12
Palm Sunday

Marsha
    $200 7
Patent leather

Elisa
    $200 2
(Alex: I account for a billion of those!)

Oreos

Michael
    $200 22
Dwight D. Eisenhower

Marsha
    $200 18
Sex Pistols

Elisa
    $200 27
Indianapolis

Michael
    $300 13
Lamb

Elisa
    $300 8
Cowl

Elisa
    $300 3
Ben & Jerry's

Marsha
    $300 23
Sauce

Marsha
    $300 19
Blondie

Michael
    $300 28
South Bend

Triple Stumper
    $500 14
Moveable

Elisa
    $400 9
Leotards

Elisa
    $400 4
Thin Mints

Elisa
    $400 24
Law

Marsha
    $400 20
The Beastie Boys

Elisa
    $400 29
Fort Wayne

Triple Stumper
    $500 15
(Marsha: What is Epiphany?)

Ascension

MarshaElisa
    $500 10
Mantilla

Marsha
    $500 5
Sara Lee

Marsha
    $500 25
Supreme Soviet

Elisa
    $500 21
(Alex: Snappy dressers!)

Metallica

Triple Stumper
    $500 30
(Alex: Interesting, you got some that we thought were tougher & you missed some of the easier ones.)

Terre Haute

Michael

Scores at the first commercial break (after clue 15):

Marsha Elisa Michael
$1,200 $2,600 $300

Scores at the end of the Jeopardy! Round:

Marsha Elisa Michael
$2,200 $3,800 $1,300

Double Jeopardy! Round responses

THE PASSOVER SEDER
FILMS OF THE '70s
PRESIDENTIAL FACIAL HAIR
MUSKRAT LOVE
ITALIAN CITIES
"F" IN SPELLING
(Alex: Each correct response will begin with the letter "F", & you're expected to spell the correct response.)
    $200 1
Matzo

Michael
    $200 4
The Towering Inferno

Elisa
    $200 14
Jefferson Davis

Marsha
    $200 19
Lodges

Michael
    $200 9
Venice

Elisa
    $200 25
(and we have about a minute to go...)

F-A-L-L-A-C-I-O-U-S

Michael
    $400 2
Why is this night different from all other nights?

Michael
    $400 5
Blaxploitation

Elisa
    $400 15
Theodore Roosevelt

Marsha
    $400 21
Florida

Elisa
    $400 10
Verona

Marsha
    $400 28
F-L-A-G-E-L-L-A-N-T

Elisa
    $600 3
Jerusalem

Marsha
    $600 6
Taxi Driver

Elisa
    $600 16
(E: Who was Ulysses Grant?)

Benjamin Harrison

MarshaElisa
    $600 22
Litters

Marsha
    $600 11
Turin

Elisa
    $600 30
(Alex: Interesting that some of us, when we spell, stare off into space, because the letters are up there...you have to visualize it!)

F-I-D-U-C-I-A-R-Y

Michael
    $800 20
The 10 Plagues of Egypt

Marsha
    $1,500 7
The Paper Chase

Elisa
    $800 17
William Howard Taft

Marsha
    $800 23
(Michael: What is estrus?)

Gestation

ElisaMichael
    $2,000 12
(E: Mantua?)

Genoa

Elisa
    $800 27
F-A-S-T-I-D-I-O-U-S

Marsha
    $1000 26
Goat

Triple Stumper
    $1000 8
Nashville

Marsha
    $1000 18
James Garfield

Triple Stumper
    $1000 24
Glands

Marsha
    $1000 13
(Michael: What is Parmesan?)

Parma

Michael
Triple Stumper
    $1000 29
F-E-L-I-C-I-T-A-T-I-O-N-S

Michael

Scores at the end of the Double Jeopardy! Round:

Marsha Elisa Michael
$9,400 $6,300 $2,100

[wagering suggestions for these scores]

Final Jeopardy! Round responses

IN THE KITCHEN
(Alex: Alright, that's a good place to be!)
(Alex: Those New Yorkers and their espresso machines...Happy Easter!)
MichaelWhat is a Garbage Disposal
$1,200
ElisaWhat is a microwave?
$4,000
MarshaWhat is an expresso machine?
$3,201
Garbage disposal

Final scores:

Marsha Elisa Michael
$6,199 $2,300 $3,300
3-day champion: $27,100 3rd place: NordicTrack Ellipse Exercise Machine 2nd place: Trip to Atlantis Paradise Island Resort & Casino, Bahamas

Game dynamics:

Coryat scores:

Marsha Elisa Michael
$9,400 $7,500 $2,100
21 R,
1 W
20 R
(including 2 DDs),
2 W
(including 1 DD)
11 R,
2 W

Combined Coryat: $19,000

The J! Archive is created by fans, for fans. The Jeopardy! game show and all elements thereof, including but not limited to copyright and trademark thereto, are the property of Jeopardy Productions, Inc. and are protected under law. This website is not affiliated with, sponsored by, or operated by Jeopardy Productions, Inc. Join the discussion at JBoard.tv.